| 000 | 02338nam0a2200361 4500 | ||
|---|---|---|---|
| 001 | RU\NLR\bibl\497617 | ||
| 005 | 20260406045227.0 | ||
| 021 |
_aRU _b2004-954 _952 |
||
| 035 | _a(NLR Aleph) 000490237 | ||
| 090 |
_a1108940 _c1108940 |
||
| 100 | _a20040305d2003 |||y0rusy50 ca | ||
| 101 | 0 | _arus | |
| 102 | _aRU | ||
| 105 | _aa ||||||||| | ||
| 200 | 1 |
_aОптические методы исследования структуры течений неоднородной и сжимаемой жидкости _eУчеб. пособие _f[К.В. Показеев, Т.О. Чаплина, Ю.Д. Чашечкин] |
|
| 210 |
_aМ. _cИПМ _d2003 |
||
| 215 |
_a[2],70 с. _cил., цв. ил. _d21 |
||
| 225 | 1 |
_aПрепринт _fИн-т пробл. механики Рос. акад. наук и др. _vN 738 |
|
| 300 | _aАвт. указаны на обл. | ||
| 300 | _aВ надзаг. также: Физ. фак. МГУ им. М.В. Ломоносова, Федер. целевая прогр. "Интеграция". Програм. мероприятие 2.9 "Создание рабочих мест в ИПМ РАН и ИВПС КНЦ РАН для осуществления науч. деятельности студентами, аспирантами, докторантами Физ. фак. ун-та им. М.В. Ломоносова и др. вузов РФ" (Проект Я 0058) | ||
| 320 | _aБиблиогр.: с. 69-70 | ||
| 606 | 0 |
_aМорские течения _jРуководства, пособия и т.п. _xИсследования _xОптические методы _92322403 _3RU\NLR\auth\661389320 |
|
| 606 | 0 |
_aМорские течения _jУчебные издания для высших учебных заведений _xИсследования _xОптические методы _92322403 _3RU\NLR\auth\661389320 |
|
| 686 | _aД221.34в734 | ||
| 700 | 1 |
_aПоказеев _bК. В. _gКонстантин Васильевич _4070 |
|
| 701 | 1 |
_aЧаплина _bТ. О. _gТатьяна Олеговна _4070 |
|
| 701 | 1 |
_4070 _8rus _7ca _aЧашечкин _bЮ. Д. _f1941- _gЮлий Дмитриевич _3RU\NLR\AUTH\774947 _9114918 |
|
| 801 | 0 |
_aRU _bNLR _c20040305 _gPSBO |
|
| 801 | 1 |
_aRU _bNLR _c20040305 |
|
| 830 | _aАвт. по кн. | ||
| 942 | _cBOOK | ||
| 980 | _aNB | ||